000 00600nam a22001817a 4500
005 20251108164134.0
008 250721s1994 xx 000 0 ara d
082 1 4 _a218,52/نحو
100 1 _aالنحوي، عدنان علي رضا
245 1 0 _aأضواء على طريق النجاة /
264 1 _aالرياض :
_bدار النحوي للنشر والتوزيع،
_c1994.
300 _a125ص
490 0 _aالى لقاء المؤمنين وبناء الجيل المؤمن
650 1 7 _aالإسلام
650 1 7 _aالدعوة الإسلامية
942 _2ddc
_cBK
999 _c4606
_d4606